| 000 | 01624nam0a22003251 4500 | ||
|---|---|---|---|
| 001 | rc\412221 | ||
| 005 | 20250621075223.0 | ||
| 010 |
_a5-368-00041-3 _920000 |
||
| 035 | _a(NLR Aleph) 005660092 | ||
| 090 |
_a6863703 _c6863703 |
||
| 100 | _a20030616d1988 |||y0rusy50 ca | ||
| 101 | 0 | _arus | |
| 102 | _aRU | ||
| 105 | _ay ||||||||| | ||
| 200 | 1 |
_aИсторические новеллы _aДневник молдавского путешественника _aИзбранные статьи _fГеорге Асаки _g[Пер. с молд. А. Бродского _gСост., предисл. и примеч. Е. Левита] |
|
| 210 |
_aКишинев _cЛит. артистикэ _d1988 |
||
| 215 |
_a164, [3] с. _d17 |
||
| 225 | 1 | _aВремен связующая нить | |
| 327 | 1 | _aСодерж.: Елена Волошанка; Княжна Руксанда; Мазепа в Молдове; Дневник молдавского путешественника; Статьи | |
| 464 | 0 |
_12001#$aЕлена Волошанка _tЕлена Волошанка |
|
| 464 | 0 |
_12001#$aКняжна Руксанда _tКняжна Руксанда |
|
| 464 | 0 |
_12001#$aМазепа в Молдове _tМазепа в Молдове |
|
| 464 | 0 |
_12001#$aДневник молдавского путешественника _tДневник молдавского путешественника |
|
| 464 | 0 |
_12001#$aСтатьи _tСтатьи |
|
| 700 | 1 |
_aАсаки _bГ. _f1788-1869 _gГеорге |
|
| 801 | 0 |
_aRU _bNLR _gpsbo |
|
| 801 | 1 |
_aRU _bELAR _2rusmarc |
|
| 852 |
_aNLR _j89-3/3385 |
||
| 942 | _cBOOK | ||
| 980 | _aNB | ||